000 00693nam a22002057a 4500
999 _c180790
_d180790
005 20210818131252.0
010 _aENG-129743
020 _c350.00
035 _aEN-113275
037 _bDBAD/PUB
082 _a513.83
100 _aBiswanath Garai
245 _aAn Introduction to Metric Space & Functional Analysis :
_cBiswanath Garai
250 _a2020
260 _aNew Delhi
_bBooks & Allied
_c2020
270 _bNew Delhi
_a1st Floor, No.1-E(1), ‘SHUBHAM PLAZA, 83/1, Beleghata Main Road, Kolkata, West Bengal
_e700010
_k03323740062
_mbooksandallied1960@gmail.com
300 _aii;320p.
_c22cm (pbk)
500 _aincludes index
942 _2ddc
_cEN
_kGAR
_h513.83